000 01525nam a22002537a 4500
999 _c62129
_d62129
003 Ge_BSU
005 20240718103407.0
008 240718s2023 ge ||||| |||| 00| 0 geo d
020 _a9789941977800
041 _ageo
080 _a346.27(479.22)(075.8)ს-19
245 _aსაკორპორაციო სამართლის სახელმძღვანელო /
_cირაკლი ბურდული, გიორგი მახარობლიშვილი, ანა თოხაძე [და სხვა] ;
250 _aმესამე გადამუშავებული გამოცემა
264 _aთბილისი :
_bმერიდიანი,
_c2023.
300 _a752 გვ.:
_b21 სმ.
653 _aსაქართველოს საკორპორაციო სამართალი
653 _aსაქართველოს სამეწარმეო სამართალი
653 _aსამართალი
700 _aბურდული, ირაკლი
_97029
700 _aმახარობლიშვილი, გიორგი
_99266
700 _aთოხაძე, ანა
_eდა სხვა
_922866
710 _a საკორპორაციო, საბანკო და ეკონომიკური სამართლის ინსტიტუტი, (თსუ იურიდიული ფაკულტეტი).
_922867
942 _2udc
_cBK